000 00500nam a2200205Ia 4500
003 OSt
005 20251205094317.0
008 250729s2005 xx 000 0 und d
020 _a978-8188836598
040 _cAL
041 _aeng
082 _a371.9104 KANG
100 _aKandru Subba Rao
_9225684
245 _aGifted and talented education
260 _aNew Delhi
_c2005
300 _a263p
650 _aSpecial Education
_9225685
700 _aRao Digumurhi
_9225686
942 _2ddc
_cBED
999 _c237032
_d237032